LEADER 01915nam2 22003853i 450 001 SBL0152674 005 20231121125816.0 020 $aIT$b78-5930 100 $a20130225d1978 ||||0itac50 ba 101 | $aita 102 $ait 181 1$6z01$ai $bxxxe 182 1$6z01$an 200 0 $a[1]: 1865-1911$fGiustino Fortunato 210 $aRoma [etc.]$cLaterza$d1978 215 $aVIII, 413 p.$d21 cm 461 1$1001SBL0238814$12001 $aCarteggio$fGiustino Fortunato$ga cura di Emilio Gentile$v1 606 $aFortunato, Giustino$xLettere e carteggi$2FIR$3RMLC191547$9I 676 $a928$9Biografia. Letterati, storici.$v21 676 $a945.70912092$9STORIA. ITALIA MERIDIONALE. 1900-1914$v21 700 1$aFortunato$b, Giustino$3CFIV002741$4070$034271 801 3$aIT$bIT-01$c20130225 850 $aIT-RM0289 $aIT-RM0542 $aIT-RM0418 $aIT-RM1248 $aIT-FR0084 $aIT-FR0017 $aIT-RM0526 899 $aBiblioteca Statale A. Baldini$bRM0289 $eN 899 $aBIBLIOTECA DEL MINISTERO DEGLI AFFARI ESTERI$bRM0542 $eN 899 $aBIBLIOTECA ACCADEMIA NAZ. DEI LINCEI E CORSINIANA$bRM0418 $4v. 1-3$eN 899 $aBiblioteca Della Fondazione Pietro Nenni$bRM1248 899 $aBiblioteca Del Monumento Nazionale Di Montecassino$bFR0084 899 $aBiblioteca umanistica Giorgio Aprea$bFR0017 899 $aBiblioteca dell?Istituto Centrale per il Patrimonio Immateriale$bRM0526 $eN 912 $aSBL0152674 950 2$aBiblioteca umanistica Giorgio Aprea$d 52DES 945 For.Car.1$e 52SBA0000149155 VMB RS $fA $h20130319$i20130319$d 52MAG 5/1470$e 52MAG0000155945 VMB RS $fA $h20200611$i20200611 977 $a 04$a 09$a 10$a 23$a 25$a 52$a 58 996 $a1865-1911$91757752 997 $aUNICAS